Digital Communications (Record no. 7559)

MARC details
000 -LEADER
fixed length control field 00315nam a2200133Ia 4500
008 - FIXED-LENGTH DATA ELEMENTS--GENERAL INFORMATION
fixed length control field 191201s2012 xx 000 0 und d
100 ## - MAIN ENTRY--PERSONAL NAME
Personal name HAYKIN,Siman
245 #0 - TITLE STATEMENT
Title Digital Communications
250 ## - EDITION STATEMENT
Edition statement Rep
260 ## - PUBLICATION, DISTRIBUTION, ETC. (IMPRINT)
Date of publication, distribution, etc 2012
Name of publisher, distributor, etc Wiley Dreautech India
Place of publication, distribution, etc N. delhi
300 ## - PHYSICAL DESCRIPTION
Extent 597
650 ## - SUBJECT ADDED ENTRY--TOPICAL TERM
Topical term or geographic name as entry element ECE
942 ## - ADDED ENTRY ELEMENTS (KOHA)
Source of classification or shelving scheme Dewey Decimal Classification
Koha item type Book Bank
942 ## - ADDED ENTRY ELEMENTS (KOHA)
-- 4
Holdings
Withdrawn status Lost status Source of classification or shelving scheme Damaged status Not for loan Collection code Home library Current library Date acquired Source of acquisition Cost, normal purchase price Bill Number Total Checkouts Acc. no. / Barcode Date last seen Date last borrowed Bill Date Koha item type
    Dewey Decimal Classification     B.Tech(ECE) PIET C-LIBRARY PIET C-LIBRARY 27/09/2012 IBH, New Delhi 499.00 12448 1 BB9618 14/10/2020 24/02/2020 27/09/2012 Book Bank
    Dewey Decimal Classification     B.Tech(ECE) PIET C-LIBRARY PIET C-LIBRARY 27/09/2012 IBH, New Delhi 499.00 12448   BB9619 04/12/2019   27/09/2012 Book Bank
    Dewey Decimal Classification     B.Tech(ECE) PIET C-LIBRARY PIET C-LIBRARY 27/09/2012 IBH, New Delhi 499.00 12448 1 BB9620 23/10/2020 16/03/2020 27/09/2012 Book Bank
    Dewey Decimal Classification     B.Tech(ECE) PIET C-LIBRARY PIET C-LIBRARY 27/09/2012 IBH, New Delhi 499.00 12448 1 BB9621 29/07/2020 24/02/2020 27/09/2012 Book Bank
    Dewey Decimal Classification     B.Tech(ECE) PIET C-LIBRARY PIET C-LIBRARY 27/09/2012 IBH, New Delhi 499.00 12448 1 BB9622 23/10/2020 25/02/2020 27/09/2012 Book Bank
    Dewey Decimal Classification     B.Tech(ECE) PIET C-LIBRARY PIET C-LIBRARY 27/09/2012 IBH, New Delhi 499.00 12448   BB9623 04/12/2019   27/09/2012 Book Bank
    Dewey Decimal Classification     B.Tech(ECE) PIET C-LIBRARY PIET C-LIBRARY 27/09/2012 IBH, New Delhi 499.00 12448   BB9624 04/12/2019   27/09/2012 Book Bank
    Dewey Decimal Classification     B.Tech(ECE) PIET C-LIBRARY PIET C-LIBRARY 27/09/2012 IBH, New Delhi 499.00 12448   BB9625 04/12/2019   27/09/2012 Book Bank

Design & Developed by: PIET Central Library
R70 Miles Stone Pattikalyana Samalkha Panipat 132102
mail ID :- [email protected], Phone No:- 0180-2569700 Ex.216